| 000 | 00487cam a2200181ua 4500 | ||
|---|---|---|---|
| 020 |
_a81-204-0802-0 _c495.00 |
||
| 041 |
_aeng _h |
||
| 082 |
_a633.722 _bBAN/TE |
||
| 100 | _aBanerjee, Barundeb . | ||
| 245 |
_aTea production and processing / _cBarundeb Banerjee. _hTextual Documents |
||
| 250 |
_a1 / _b. |
||
| 260 |
_aNew Delhi : _bOxford & IBH Publishing company , _c1993. |
||
| 300 | _a336 ; . | ||
| 365 | _a495.00 | ||
| 504 | _a | ||
| 942 | _cBK | ||
| 999 |
_c10010 _d10010 |
||